00229nam a2200097Ia 4500008004100000041000800041100002100049245002900070260002500099365000700124230303s9999 xx 000 0 und d aeng aDUHAN (Lal Chand aKabir Vani Amrit Sandesh aNEW DELHIbManoj Pub cRS